Loga popularnych słodyczy #1 - Statystyki

Ogólne statystyki
  • Ten quiz został rozwiązany 79 razy
  • Średni wynik to 15 z 16
Statystyki odpowiedzi
Obrazkowy Odpowiedź % Poprawnych
Chupa-Chups
100%
Mars
100%
Oreo
100%
Haribo
99%
Milka
99%
Snickers
99%
Kinder
97%
KitKat
97%
Mamba
97%
MilkyWay
97%
Prince Polo
97%
Rafaello
96%
Wawel
85%
nimm2
75%
Toblerone
66%
Jutrzenka
49%
Nie znaleziono quizów pasujących do podanych kryteriów
Rozkład punktacji
Procent ludzi z każdym wynikiem
Percentyl według liczby udzielonych odpowiedzi
Twoja historia wyników
Nie rozwiązałeś tego quizu